Catálogo público

Evaluación agronómica de ocho variedades de trigo harinero de temporal en Valles Altos / (Record no. 220861)

MARC details
000 -CABECERA
campo de control de longitud fija 03499nam a2200337 a 4500
003 - IDENTIFICADOR DEL NÚMERO DE CONTROL
campo de control OSt
005 - FECHA Y HORA DE LA ÚLTIMA TRANSACCIÓN
campo de control 20250925141341.0
007 - CAMPO FIJO DE DESCRIPCIÓN FÍSICA--INFORMACIÓN GENERAL
campo de control de longitud fija cr ||||||a|a|a
008 - DATOS DE LONGITUD FIJA--INFORMACIÓN GENERAL
campo de control de longitud fija 250826s2025 mx a|||fom||| 001 0 spa d
040 ## - FUENTE DE LA CATALOGACIÓN
Normas de descripción rda
100 1# - ENTRADA PRINCIPAL--NOMBRE DE PERSONA
Nombre de persona García García, Pedro
9 (RLIN) 190990
245 10 - MENCIÓN DE TÍTULO
Título Evaluación agronómica de ocho variedades de trigo harinero de temporal en Valles Altos /
Mención de responsabilidad, etc. por Pedro García García; director de tesis René Hortelano Santa Rosa; secretario Carlos Sanchéz Abarca; vocal Teresa Cervantes Martínez; suplente Alejandra Sahagún García; suplente Román Sánchez Garrillo.
264 #1 - PRODUCCIÓN, PUBLICACIÓN, DISTRIBUCIÓN, FABRICACIÓN Y COPYRIGHT
Producción, publicación, distribución, fabricación y copyright Chapingo, México :
Nombre del de productor, editor, distribuidor, fabricante El autor,
Fecha de producción, publicación, distribución, fabricación o copyright 2025.
300 ## - DESCRIPCIÓN FÍSICA
Extensión 1 recurso en línea (74 páginas):
Otras características físicas cuadros, figuras.
336 ## - TIPO DE CONTENIDO
Fuente rdacontent
Término de tipo de contenido texto
Código de tipo de contenido txt
337 ## - TIPO DE MEDIO
Fuente rdamedia
Nombre/término del tipo de medio computadora
Código del tipo de medio c
338 ## - TIPO DE SOPORTE
Fuente rdacarrier
Nombre/término del tipo de soporte recurso en línea
Código del tipo de soporte cr
502 ## - NOTA DE TESIS
Tipo de título Ingeniero Agrónomo Especialista en Fitotecnia
Nombre de la institución que otorga el título Departamento de Enseñanza, Investigación y Servicio en Fitotecnia,
Año de obtención del título 2025.
Información miscelánea Licenciatura
504 ## - NOTA DE BIBLIOGRAFÍA, ETC.
Nota de bibliografía, etc. Incluye referencias bibliográficas: páginas 66-71.
520 ## - SUMARIO, ETC.
Sumario, etc. Con el objetivo de evaluar el comportamiento agronómico del trigo harinero, se establecieron ocho variedades de trigo harinero de temporal en los valles altos. Los ensayos se establecieron en 29 condiciones diferentes en los estados de México (Chapingo, Santa Lucía, Tenango del Aire y Juchitepec) y tres en el estado de Tlaxcala (Terrenate, Fco. I Madero y Nanacamilpa de Mariano Arista), en ocasiones hasta en tres fechas de siembra. La siembra de los ensayos se realizó de forma manual durante los meses de mayo a julio de 2021, 2022 y 2023, utilizando una sembradora experimental con apertura de 1.5 m y 4 hileras de siembra con una densidad de 110 kg ha-1. Los ensayos se establecieron bajo el diseño experimental Bloques Completos con Tratamientos Aleatorizados (DBCTA) con dos repeticiones conformadas por ocho variedades de trigo harinero de temporal. Para la fuente de variación “Localidades” se presentaron diferencias altamente significativas (α=0.05) en Días a Madurez Fisiológica (DM), Altura de Planta (ALT), Periodo de Llenado de Grano (PLLG) y Rendimiento de Grano (REND), mientras que en la variable Días a Floración (DF) las diferencias solamente fuero significativas Para la fuente de variación “Variedades”, las diferencias fueron altamente significativas para todas las variables evaluadas, lo que demuestra que las variedades presentaron características agronómicas y fenológicas muy diferentes La incidencia de roya amarilla en el follaje se evaluó en tres localidades del estado de Tlaxcala durante el ciclo PV/2024 que son representativas de las zonas de mayor incidencia del patógeno causante de dicha roya causando mayor daño en variedades susceptibles como Rebeca F2000, Tlaxcala F2000, Altiplano F2007 y Nana F2007. Las variedades que mantuvieron buena resistencia genética fueron, invariablemente, Terre F2022 y Nely F2022 con grado de infección de 0-5 %.
650 #4 - PUNTO DE ACCESO ADICIONAL DE MATERIA--TÉRMINO DE MATERIA
Término de materia o nombre geográfico como elemento de entrada Trigo harinero
Subdivisión general Resistencia a enfermedades
9 (RLIN) 191251
650 #4 - PUNTO DE ACCESO ADICIONAL DE MATERIA--TÉRMINO DE MATERIA
Término de materia o nombre geográfico como elemento de entrada Trigo harinero
Subdivisión general Cultivo
9 (RLIN) 191252
650 #4 - PUNTO DE ACCESO ADICIONAL DE MATERIA--TÉRMINO DE MATERIA
Término de materia o nombre geográfico como elemento de entrada Trigo harinero
Subdivisión general Rendimiento
9 (RLIN) 191089
700 0# - PUNTO DE ACCESO ADICIONAL--NOMBRE DE PERSONA
Nombre de persona Hortelano Santa Rosa, René
9 (RLIN) 56286
Término indicativo de función/relación director.
700 4# - PUNTO DE ACCESO ADICIONAL--NOMBRE DE PERSONA
Nombre de persona Sánchez Abarca, Carlos
9 (RLIN) 107301
Término indicativo de función/relación secretario.
700 4# - PUNTO DE ACCESO ADICIONAL--NOMBRE DE PERSONA
Nombre de persona Cervantes Martínez, Teresa
9 (RLIN) 21588
Término indicativo de función/relación vocal.
700 1# - PUNTO DE ACCESO ADICIONAL--NOMBRE DE PERSONA
Nombre de persona Sahagún García, Alejandra
9 (RLIN) 185953
Término indicativo de función/relación suplente.
700 1# - PUNTO DE ACCESO ADICIONAL--NOMBRE DE PERSONA
Nombre de persona Sánchez Carrillo, Román
9 (RLIN) 107405
Término indicativo de función/relación suplente.
856 ## - LOCALIZACIÓN Y ACCESO ELECTRÓNICOS
Nota pública DESCARGAR PDF
Identificador Uniforme del Recurso http://10.13.5.2/tesis/tl/1010403-9_GARCIA_GARCIA_PEDRO.pdf
942 ## - ELEMENTOS DE PUNTO DE ACCESO ADICIONAL (KOHA)
Fuente del sistema de clasificación o colocación Clasificación Universidad Autónoma Chapingo
Tipo de ítem Koha Tesis digital
Holdings
Estado de retiro Estado de pérdida Fuente del sistema de clasificación o colocación Estado dañado Restricciones de uso No para préstamo Código de colección Localización permanente Ubicación/localización actual Ubicación en estantería Fecha de adquisición Total de préstamos Signatura topográfica completa Fecha visto por última vez Precio válido a partir de Tipo de ítem Koha
    Clasificación Universidad Autónoma de Chapingo   Préstamo interno   Tesis digitales de Licenciatura Biblioteca Digital Biblioteca Digital En línea 26/08/2025   Tesis digital 26/08/2025 26/08/2025 Tesis digital